21st Century World Leaders Quiz Stats

 Plays Quiz Updated Oct 9, 2015

Challenge
Share
Tweet
Score 0/20 Timer 06:00
5 Plays Today
% Correct
George W. Bush
98.7%
Vladimir Putin
97.1%
Kim Jong-un
89.8%
Angela Merkel
89.7%
Pope Francis
86.4%
David Cameron
75%
Bashar al-Assad
54.7%
Nicolas Sarkozy
50.9%
Silvio Berlusconi
40.6%
Mahmoud Ahmadinejad
31.4%
% Correct
Xi Jinping
29.8%
Stephen Harper
27.5%
Hosni Mubarak
26%
Hamid Karzai
24.5%
Cristina Fernández de Kirchner
20.6%
Manmohan Singh
16.3%
Mahmoud Abbas
13.4%
Luiz Inácio Lula da Silva
12.5%
Omar al-Bashir
6.8%
Miloš Zeman
2.2%

You're not logged in!

Compare scores with friends on all Sporcle quizzes.
OR
Log In

You Might Also Like...

Show Comments

Extras

Top Quizzes Today


Score Distribution

Your Account Isn't Verified!

In order to create a playlist on Sporcle, you need to verify the email address you used during registration. Go to your Sporcle Settings to finish the process.

Report this User

Report this user for behavior that violates our Community Guidelines.

Details: